[Event "26th EUR-ch"]
[Site "Katowice POL"]
[Date "2026.04.12"]
[Round "5.33"]
[White "Seemann, Jakub"]
[Black "Prokofiev, Valentyn"]
[Result "1-0"]
[WhiteElo "2545"]
[BlackElo "2433"]
[EventDate "2026.04.07"]
[PlyCount "79"]

1.e4 c5 2.Nf3 d6 3.Bb5+ Bd7 4.Bxd7+ Qxd7 5.c4 Nf6 6.Nc3 Nc6 7.d4 cxd4 8.
Nxd4 Qg4 9.Qxg4 Nxg4 10.Nxc6 bxc6 11.Bf4 Rg8 12.Rc1 g5 13.Bg3 f5 14.exf5 
Nh6 15.f6 e6 16.h4 g4 17.Ne4 Nf5 18.Ng5 Kd7 19.Nxh7 Bh6 20.Ng5 Raf8 21.Rc3
e5 22.c5 Rh8 23.Rf1 Bxg5 24.hxg5 Rb8 25.b3 d5 26.Kd2 Ke6 27.Re1 Nxg3 28.
Rxg3 Rb4 29.Rge3 e4 30.f3 Rg8 31.fxe4 d4 32.Rg3 Rxg5 33.e5 Rb5 34.Re4 Rxc5
35.Rf4 Kxe5 36.Rf2 Ra5 37.a4 Rf5 38.Rxf5+ Kxf5 39.f7 Kf4 40.Rxg4+ 1-0

[Event "26th EUR-ch"]
[Site "Katowice POL"]
[Date "2026.04.12"]
[Round "5.34"]
[White "Fus, Jakub"]
[Black "Subelj, Jan"]
[Result "1/2-1/2"]
[WhiteElo "2410"]
[BlackElo "2543"]
[EventDate "2026.04.07"]
[PlyCount "94"]

1.c4 e6 2.g3 Nf6 3.Bg2 d5 4.Nf3 Be7 5.d4 O-O 6.Nc3 Nbd7 7.Qd3 b6 8.cxd5 
exd5 9.Nh4 Bb7 10.Nf5 Re8 11.Bg5 h6 12.Nxe7+ Rxe7 13.Bf4 c5 14.O-O Ne4 15.
Nxe4 dxe4 16.Qc4 cxd4 17.Rfd1 Nc5 18.Rxd4 Rd7 19.Rxd7 Qxd7 20.Qc2 Rc8 21.
Rd1 Qb5 22.Rc1 Ne6 23.Qxc8+ Bxc8 24.Rxc8+ Kh7 25.Bxe4+ g6 26.Be3 Qxe2 27.
Bc2 Qa6 28.Re8 Qxa2 29.Re7 Ng5 30.Bd1 Qd5 31.Bg4 h5 32.h4 hxg4 33.hxg5 a6 
34.Bxb6 Qxg5 35.Rxf7+ Kg8 36.Be3 Qb5 37.Rf6 Qd3 38.b4 Kg7 39.Rb6 Kf7 40.
Kh2 Ke7 41.Rc6 Kd7 42.Rf6 Kc7 43.Rf4 Qe2 44.Rf6 Qb5 45.Rf4 Qe2 46.Rf6 Qd3 
47.Rf4 Qe2 1/2-1/2

[Event "26th EUR-ch"]
[Site "Katowice POL"]
[Date "2026.04.12"]
[Round "5.35"]
[White "Laurent-Paoli, Pierre"]
[Black "Kalogeris, Ioannis"]
[Result "0-1"]
[WhiteElo "2542"]
[BlackElo "2427"]
[EventDate "2026.04.07"]
[PlyCount "86"]

1.d4 Nf6 2.c4 e6 3.Nf3 d5 4.g3 Be7 5.Bg2 O-O 6.Nc3 c6 7.O-O b6 8.Ne5 a5 9.
e4 dxc4 10.Nxc4 Ba6 11.b3 b5 12.Ne3 b4 13.Ne2 Bxe2 14.Qxe2 Qxd4 15.Bb2 Qa7
16.Rac1 Rd8 17.h4 a4 18.g4 Nfd7 19.g5 Nc5 20.Rcd1 Rxd1 21.Rxd1 Qc7 22.Ng4 
Nbd7 23.Qf3 axb3 24.axb3 Rd8 25.e5 Nf8 26.Rxd8 Qxd8 27.Nf6+ Kh8 28.Qh5 g6 
29.Qh6 Nxb3 30.Bxc6 Nd4 31.Be4 Ne2+ 32.Kg2 Qd2 33.Ba1 Bc5 34.Ng4 Qc1 35.
Kf3 Ng1+ 36.Kg2 Qxa1 37.h5 Ne2 38.hxg6 Qg1+ 39.Kf3 Nd4+ 40.Kf4 fxg6 41.Nf6
Ne2+ 42.Kf3 Qxf2+ 43.Kg4 Qg3# 0-1

[Event "26th EUR-ch"]
[Site "Katowice POL"]
[Date "2026.04.12"]
[Round "5.36"]
[White "Valiyev, Shahin"]
[Black "Maksimovic, Bojan"]
[Result "1/2-1/2"]
[WhiteElo "2409"]
[BlackElo "2531"]
[EventDate "2026.04.07"]
[PlyCount "72"]

1.e4 c5 2.Nf3 e6 3.d4 cxd4 4.Nxd4 a6 5.Bd3 Bc5 6.Nb3 Ba7 7.Qe2 Nc6 8.c4 d6
9.Nc3 Nf6 10.Be3 O-O 11.O-O Ne5 12.Rfd1 Qc7 13.Rac1 Bxe3 14.Qxe3 b6 15.Be2
Bb7 16.Rd4 Rfd8 17.Rcd1 Rd7 18.f3 h6 19.Bf1 Rb8 20.Na1 Nc6 21.R4d2 Ne5 22.
Rd4 Bc6 23.Nc2 b5 24.Nb4 Qb6 25.Nxa6 Nxc4 26.Bxc4 Qxa6 27.Bf1 Qa7 28.a3 b4
29.axb4 Rxb4 30.Qf2 Qb8 31.Rxb4 Qxb4 32.Rd4 Qb3 33.Rc4 Qb7 34.b4 d5 35.
exd5 Bxd5 36.Nxd5 Nxd5 1/2-1/2

[Event "26th EUR-ch"]
[Site "Katowice POL"]
[Date "2026.04.12"]
[Round "5.37"]
[White "Alexakis, Dimitris"]
[Black "Johansson, Linus"]
[Result "1-0"]
[WhiteElo "2528"]
[BlackElo "2425"]
[EventDate "2026.04.07"]
[PlyCount "83"]

1.e4 c5 2.Nf3 Nc6 3.Bb5 g6 4.Bxc6 dxc6 5.d3 Bg7 6.h3 b6 7.O-O Nf6 8.Nc3 
Nd7 9.Be3 e5 10.Qd2 h6 11.Nh2 Nf8 12.f4 exf4 13.Bxf4 g5 14.Bg3 Ng6 15.e5 
O-O 16.Rae1 Be6 17.Nf3 Bd5 18.Ne4 Bxe4 19.Rxe4 f5 20.exf6 Qxf6 21.b3 Rae8 
22.Rfe1 Rxe4 23.Rxe4 Qf5 24.Qe3 Bf6 25.Re6 g4 26.hxg4 Qxg4 27.Nh2 Qd1+ 28.
Qe1 Qxc2 29.Ng4 Bd4+ 30.Kh2 Qxd3 31.Rd6 Kh7 32.Qc1 Nf4 33.Bxf4 Qf5 34.
Rxh6+ Kg7 35.Kg3 Qd3+ 36.Kh4 Qe4 37.Be5+ Bxe5 38.Qg5+ Kf7 39.Qxe5 Qxe5 40.
Nxe5+ Kg7 41.Rg6+ Kh7 42.Rxc6 1-0

[Event "26th EUR-ch"]
[Site "Katowice POL"]
[Date "2026.04.12"]
[Round "5.38"]
[White "Petkov, Momchil"]
[Black "Sowinski, Pawel"]
[Result "1/2-1/2"]
[WhiteElo "2517"]
[BlackElo "2421"]
[EventDate "2026.04.07"]
[PlyCount "112"]

1.e4 c5 2.Nf3 d6 3.d4 cxd4 4.Nxd4 Nf6 5.Nc3 a6 6.Bd3 g6 7.f3 Bg7 8.Be3 Qc7
9.Qd2 Nbd7 10.a4 Ne5 11.a5 Bd7 12.Be2 Rc8 13.g4 h6 14.h4 Nc4 15.Bxc4 Qxc4 
16.Rg1 Qb4 17.Ra2 Qc4 18.Ra3 e6 19.Rb3 d5 20.e5 Ng8 21.f4 h5 22.Rxb7 hxg4 
23.Ne4 dxe4 24.Nf5 Qc6 25.Nd6+ Kf8 26.Nxc8 Qxb7 27.Bc5+ Ne7 28.Bxe7+ Kg8 
29.Nd6 Qa7 30.Rg3 Bc6 31.Bg5 Kh7 32.Qf2 Qd7 33.Qe2 Rb8 34.b3 Qc7 35.Kf1 
Qxa5 36.Kg1 e3 37.Kh2 Qd5 38.Qe1 Rb4 39.Nc4 Rxc4 40.bxc4 Qxc4 41.Rxe3 
Qxc2+ 42.Qe2 Qb1 43.Qe1 Qa2+ 44.Qe2 Qd5 45.Kg3 Bf8 46.Kxg4 Bc5 47.Rc3 Qh1 
48.Rh3 Qg1+ 49.Rg3 Bb5 50.Qf3 Qe1 51.Qb7 Qd1+ 52.Kh3 Kg8 53.Qa8+ Kh7 54.
Bf6 Bf8 55.Qxf8 Qh1+ 56.Kg4 Qd1+ 1/2-1/2

[Event "26th EUR-ch"]
[Site "Katowice POL"]
[Date "2026.04.12"]
[Round "5.39"]
[White "Olszewski, Michal"]
[Black "Injac, Teodora"]
[Result "0-1"]
[WhiteElo "2516"]
[BlackElo "2410"]
[EventDate "2026.04.07"]
[PlyCount "100"]

1.Nf3 c5 2.g3 Nc6 3.Bg2 g6 4.O-O Bg7 5.d3 Nf6 6.e4 d6 7.c3 O-O 8.Re1 Rb8 
9.Na3 b5 10.e5 Nxe5 11.Nxe5 dxe5 12.Rxe5 Bg4 13.Qe1 Nd7 14.Rxe7 Be5 15.h3 
Qxe7 16.hxg4 Rfe8 17.Nc2 Qd6 18.Qd1 Nb6 19.Bg5 Rbc8 20.Ne3 Kg7 21.Qd2 Kg8 
22.Rd1 Bf6 23.Bf4 Qd8 24.Bb7 g5 25.Bxc8 gxf4 26.Nf5 Nxc8 27.Qxf4 Bg5 28.
Qf3 Nd6 29.d4 c4 30.d5 Qf6 31.Kg2 Re5 32.Nxd6 Qxd6 33.Rd4 Bd8 34.Qf4 Bg5 
35.Qf3 Bd8 36.Qf4 Bc7 37.Kf1 Qg6 38.Qf3 Qd6 39.Qf4 Bb6 40.Rd2 Bc5 41.a4 a6
42.axb5 axb5 43.Kg2 Rxd5 44.Qxd6 Rxd6 45.Rxd6 Bxd6 46.f4 Kf8 47.Kf3 Ke7 
48.Ke4 Ke6 49.g5 Bc5 50.g4 Bb6 0-1

[Event "26th EUR-ch"]
[Site "Katowice POL"]
[Date "2026.04.12"]
[Round "5.40"]
[White "Sahidi, Samir"]
[Black "Vardanyan, Aras"]
[Result "1-0"]
[WhiteElo "2513"]
[BlackElo "2408"]
[EventDate "2026.04.07"]
[PlyCount "105"]

1.d4 Nf6 2.c4 e6 3.Nc3 Bb4 4.e3 b6 5.Nf3 Bb7 6.Bd3 O-O 7.O-O Bxc3 8.bxc3 
c5 9.Re1 Ne4 10.Nd2 f5 11.f3 Nxd2 12.Qxd2 Nc6 13.e4 f4 14.e5 cxd4 15.cxd4 
Nxd4 16.Bxh7+ Kxh7 17.Qxd4 Qh4 18.Ba3 Rf7 19.Qf2 Qh5 20.Rad1 Rh8 21.Rd4 
Kg8 22.h3 Rh6 23.Bc1 Qg5 24.Kh2 Bc6 25.Re2 Rf5 26.Bd2 Rh4 27.Be1 Rh5 28.
Bd2 Qh6 29.Qf1 Rf7 30.Kg1 Qg6 31.Rxf4 Rxf4 32.Bxf4 Rf5 33.Qb1 Bxf3 34.Rf2 
Bc6 35.g4 Kh7 36.Kh2 Rf8 37.Qxg6+ Kxg6 38.Kg3 Rc8 39.Rd2 Rc7 40.h4 Ba4 41.
h5+ Kh7 42.Rd4 Bc2 43.g5 Ba4 44.g6+ Kg8 45.c5 Bc6 46.cxb6 axb6 47.Bd2 Ra7 
48.Bb4 Rxa2 49.Rf4 Ra8 50.Kh4 Ba4 51.Kg5 Bc2 52.Rf7 d5 53.exd6 1-0

[Event "26th EUR-ch"]
[Site "Katowice POL"]
[Date "2026.04.12"]
[Round "5.41"]
[White "Stocek, Jiri"]
[Black "Atoyan, Alberto"]
[Result "1/2-1/2"]
[WhiteElo "2512"]
[BlackElo "2342"]
[EventDate "2026.04.07"]
[PlyCount "90"]

1.d4 Nf6 2.c4 e6 3.Nc3 d5 4.Bg5 Be7 5.e3 O-O 6.Nf3 h6 7.Bh4 Ne4 8.Bxe7 
Qxe7 9.cxd5 Nxc3 10.bxc3 exd5 11.Bd3 c5 12.O-O Nd7 13.a4 b6 14.a5 c4 15.
Bb1 b5 16.Qc2 Nf6 17.Ne5 Qd6 18.f3 Re8 19.e4 b4 20.cxb4 dxe4 21.Qxc4 Be6 
22.Qc5 Qxc5 23.bxc5 exf3 24.Nxf3 Rab8 25.Ba2 Bxa2 26.Rxa2 Nd5 27.Rc1 f6 
28.Kf2 Kf7 29.g3 Rb3 30.Re2 Rd8 31.c6 Rb5 32.a6 Rc8 33.Ne1 Nb4 34.c7 Nxa6 
35.Ra2 Rb6 36.Nd3 Ke7 37.Nc5 Nxc5 38.Rxc5 Rb7 39.h4 Rcxc7 40.Rca5 Rd7 41.
h5 Kd8 42.R2a4 Rdc7 43.Kf3 Ke7 44.Ke4 Kf7 45.d5 Re7+ 1/2-1/2

[Event "26th EUR-ch"]
[Site "Katowice POL"]
[Date "2026.04.12"]
[Round "5.42"]
[White "Agdelen, Huseyin Can"]
[Black "Boruchovsky, Avital"]
[Result "0-1"]
[WhiteElo "2405"]
[BlackElo "2510"]
[EventDate "2026.04.07"]
[PlyCount "94"]

1.e4 c5 2.Nf3 d6 3.d4 cxd4 4.Nxd4 Nf6 5.Nc3 Nc6 6.Bg5 e6 7.Qd2 Be7 8.O-O-O
a6 9.f4 Bd7 10.Nf3 b5 11.Bxf6 gxf6 12.f5 Qa5 13.Kb1 h5 14.g3 Ne5 15.fxe6 
fxe6 16.Nd4 Rc8 17.a3 Kf7 18.Nb3 Qc7 19.Qf2 Rb8 20.Be2 Nc4 21.Qd4 a5 22.
Rhf1 Ne5 23.Na2 Kg7 24.Qc3 Qxc3 25.Nxc3 b4 26.axb4 a4 27.Nd4 Rxb4 28.b3 
axb3 29.cxb3 Ng4 30.Bxg4 hxg4 31.Rf2 Kf7 32.Kb2 Rhb8 33.Na2 R4b6 34.Rd3 
Bc8 35.Nc2 Bb7 36.Rf4 f5 37.exf5 Bf6+ 38.Kc1 exf5 39.Rb4 Be4 40.Rxd6 Rxd6 
41.Rxb8 Bg5+ 42.Kb2 Rd2 43.Rc8 Bf6+ 44.Kc1 Rxh2 45.b4 f4 46.Rc7+ Kg6 47.
gxf4 g3 0-1

[Event "26th EUR-ch"]
[Site "Katowice POL"]
[Date "2026.04.12"]
[Round "5.43"]
[White "Davtian, Artur"]
[Black "Fiedorek, Michal"]
[Result "1/2-1/2"]
[WhiteElo "2510"]
[BlackElo "2323"]
[EventDate "2026.04.07"]
[PlyCount "140"]

1.e4 c6 2.d4 d5 3.e5 Bf5 4.Nf3 e6 5.Be2 a6 6.O-O Bg6 7.c4 dxc4 8.Bxc4 Ne7 
9.Qb3 Nd7 10.h3 Qb6 11.Qd1 Nd5 12.Nc3 Be7 13.Qe2 O-O 14.Rd1 Qc7 15.Bg5 
N7b6 16.Bb3 Nxc3 17.bxc3 c5 18.dxc5 Qxc5 19.Bxe7 Qxe7 20.Rd6 Nd7 21.Rad1 
Nc5 22.R1d4 Rac8 23.c4 h6 24.Qe3 Rc7 25.h4 Rfc8 26.Bd1 b5 27.cxb5 axb5 28.
Nd2 Na4 29.Bxa4 bxa4 30.Rxa4 Rc3 31.Qf4 Qb7 32.Rb4 Qa7 33.a4 Ra3 34.Nb3 
Bc2 35.Rdb6 Rxa4 36.Qc1 Rxb4 37.Rxb4 Qd7 38.Qd2 Qc7 39.Nd4 Qxe5 40.Rb5 Qc7
41.Nxc2 Qxc2 42.Qxc2 Rxc2 43.g3 Kf8 44.Rb7 Rd2 45.Kg2 Ke8 46.Kf3 Rd7 47.
Rb4 Ke7 48.Rg4 g6 49.Ra4 Rd5 50.Ra7+ Kf6 51.Rb7 Ra5 52.Ke3 Ra3+ 53.Ke2 h5 
54.Rc7 e5 55.Rb7 Ke6 56.Rb6+ Kf5 57.Rb7 f6 58.Rb6 Ra4 59.Kf3 Ra3+ 60.Ke2 
Ra4 61.Kf3 e4+ 62.Ke3 Ra3+ 63.Ke2 Ra5 64.Rb4 g5 65.hxg5 fxg5 66.Kf1 h4 67.
gxh4 gxh4 68.f3 Ra1+ 69.Kf2 Ra2+ 70.Kf1 Ra1+ 1/2-1/2

[Event "26th EUR-ch"]
[Site "Katowice POL"]
[Date "2026.04.12"]
[Round "5.44"]
[White "Samadov, Read"]
[Black "David, Alexandru-Vasile"]
[Result "1-0"]
[WhiteElo "2508"]
[BlackElo "2314"]
[EventDate "2026.04.07"]
[PlyCount "103"]

1.Nf3 Nf6 2.c4 e6 3.g3 d5 4.Bg2 Be7 5.O-O O-O 6.d3 b6 7.cxd5 exd5 8.Nc3 
Bb7 9.d4 Na6 10.Bf4 c5 11.Rc1 Nc7 12.e3 Ne6 13.Be5 Ne4 14.dxc5 Nxc3 15.
Bxc3 bxc5 16.Qa4 Bf6 17.Ne5 Bxe5 18.Bxe5 Qe7 19.Qb3 Ng5 20.Bd6 Qxd6 21.
Qxb7 Rfd8 22.Rfd1 d4 23.exd4 Rab8 24.Qxa7 cxd4 25.Qc5 Qf6 26.b4 h6 27.Qc4 
Qd6 28.a3 d3 29.Rc3 d2 30.Qa2 Rbc8 31.Qxd2 Rxc3 32.Qxd6 Rxd6 33.Rxd6 Rxa3 
34.Bd5 Kf8 35.h4 Nf3+ 36.Bxf3 Rxf3 37.b5 Ke7 38.Rb6 Rb3 39.h5 Kd7 40.Rb7+ 
Ke6 41.Kg2 Kf6 42.g4 g6 43.hxg6 Kxg6 44.f4 f6 45.Rb6 Rb4 46.Kg3 Rb1 47.Kf3
Rb4 48.Ke3 Kf7 49.Rb8 Kg6 50.b6 Kg7 51.f5 Rb5 52.Rb7+ 1-0

[Event "26th EUR-ch"]
[Site "Katowice POL"]
[Date "2026.04.12"]
[Round "5.45"]
[White "Travadon, Loic"]
[Black "Lyakh, Vasiliy"]
[Result "1-0"]
[WhiteElo "2505"]
[BlackElo "2314"]
[EventDate "2026.04.07"]
[PlyCount "115"]

1.e4 d6 2.d4 Nf6 3.Nc3 g6 4.Nf3 Bg7 5.Bg5 c6 6.Qd2 h6 7.Bf4 g5 8.Be3 Ng4 
9.Bc4 Nd7 10.Bb3 Nxe3 11.fxe3 g4 12.Nh4 e6 13.g3 c5 14.O-O-O cxd4 15.exd4 
Qg5 16.Qxg5 hxg5 17.Ng2 a6 18.Ne3 Nf6 19.Nc4 Ke7 20.Nxd6 Kxd6 21.e5+ Ke7 
22.exf6+ Kxf6 23.d5 Kg6 24.Na4 exd5 25.Nb6 Rb8 26.Nxc8 Rbxc8 27.Bxd5 Rc5 
28.Be4+ f5 29.Rd6+ Kh5 30.Bd3 Be5 31.Rb6 f4 32.Rxb7 a5 33.Rf7 Rc7 34.Rf5 
Re8 35.c3 Ree7 36.Kc2 Rcd7 37.a4 Bc7 38.gxf4 Bxf4 39.Rxa5 Re3 40.Bb5 Rd8 
41.Ra7 Rh3 42.Rh7+ Kg6 43.Rxh3 gxh3 44.Bd3+ Kh5 45.a5 Kg4 46.a6 Kf3 47.
Rf1+ Kg2 48.a7 Be3 49.Ra1 Bxa7 50.Rxa7 Kxh2 51.Rg7 Rd5 52.Be4 Re5 53.Kd3 
Kg3 54.Kd4 Rb5 55.c4 Rxb2 56.Rxg5+ Kf4 57.Rf5+ Kg4 58.Rf1 1-0

[Event "26th EUR-ch"]
[Site "Katowice POL"]
[Date "2026.04.12"]
[Round "5.46"]
[White "Sibashvili, Giorgi"]
[Black "Kacharava, Nikolozi"]
[Result "0-1"]
[WhiteElo "2405"]
[BlackElo "2500"]
[EventDate "2026.04.07"]
[PlyCount "68"]

1.e4 e5 2.Nf3 Nc6 3.Nc3 Nf6 4.a3 g6 5.Bc4 Bg7 6.d3 d6 7.h3 O-O 8.Be3 Be6 
9.Bxe6 fxe6 10.Ne2 Nh5 11.c3 a5 12.b4 h6 13.b5 Nb8 14.d4 Qe8 15.a4 Nd7 16.
dxe5 dxe5 17.Qd2 Nf4 18.O-O Nxh3+ 19.Kh2 g5 20.Kxh3 g4+ 21.Kh2 gxf3 22.Ng3
h5 23.Rad1 Nf6 24.gxf3 h4 25.Ne2 Qh5 26.Ng1 Kh8 27.Qe2 Rf7 28.Rde1 h3 29.
Rd1 Rg8 30.Qc4 Nxe4 31.fxe4 Qg4 32.Nxh3 Bf6 33.Bg5 Bxg5 34.Rg1 Bf4+ 0-1

[Event "26th EUR-ch"]
[Site "Katowice POL"]
[Date "2026.04.12"]
[Round "5.47"]
[White "Sason, Noam"]
[Black "Klimkowski, Jan"]
[Result "0-1"]
[WhiteElo "2199"]
[BlackElo "2498"]
[EventDate "2026.04.07"]
[PlyCount "74"]

1.e4 e5 2.Nf3 Nc6 3.Bb5 a6 4.Ba4 Nf6 5.d3 d6 6.c4 g6 7.Nc3 Bg7 8.Nd5 O-O 
9.Bg5 Nb8 10.h4 c6 11.Nxf6+ Bxf6 12.Qd2 h5 13.Bd1 c5 14.Nh2 Bxg5 15.hxg5 
Nc6 16.g4 h4 17.f4 exf4 18.Qxf4 Ne5 19.Qe3 f6 20.gxf6 Rxf6 21.Be2 Qa5+ 22.
Kd1 Bd7 23.Kc2 Raf8 24.a3 Ba4+ 25.b3 Nc6 26.Kb2 Qb6 27.Kc1 Nd4 28.bxa4 
Nxe2+ 29.Qxe2 Rf2 30.Ra2 Rxe2 31.Rxe2 Qb3 32.Kd2 Qxa3 33.Ke3 b5 34.axb5 
axb5 35.cxb5 c4 36.Rd1 Qc5+ 37.d4 Qg5# 0-1

[Event "26th EUR-ch"]
[Site "Katowice POL"]
[Date "2026.04.12"]
[Round "5.48"]
[White "Macias Pino, Diego"]
[Black "Zlatkov, Anton"]
[Result "0-1"]
[WhiteElo "2495"]
[BlackElo "2299"]
[EventDate "2026.04.07"]
[PlyCount "116"]

1.e4 c5 2.Nf3 Nc6 3.d4 cxd4 4.Nxd4 Nf6 5.Nc3 e5 6.Ndb5 d6 7.Nd5 Nxd5 8.
exd5 Nb8 9.a4 Be7 10.b4 a5 11.bxa5 Qxa5+ 12.Bd2 Qd8 13.Be2 O-O 14.O-O Na6 
15.a5 f5 16.f4 Bf6 17.Ra3 Nc5 18.Be3 exf4 19.Bxc5 dxc5 20.d6 Bd7 21.Nc7 
Bd4+ 22.Kh1 Rb8 23.Rh3 Qf6 24.c3 Be5 25.Bc4+ Kh8 26.Rd3 f3 27.g3 f4 28.Nd5
Qh6 29.Rdxf3 Bg4 30.d7 Bxf3+ 31.Qxf3 Qd6 32.gxf4 Qxd7 33.Qe4 Bd6 34.Bd3 g6
35.c4 Rbe8 36.Qf3 Qg7 37.Qh3 Rf7 38.Rg1 Bxf4 39.Bxg6 Rg8 40.Rg4 Bd6 41.Ne3
Re7 42.Bxh7 Rxe3 43.Rxg7 Rxh3 44.Rxg8+ Kxh7 45.Rd8 Rxh2+ 46.Kg1 Rd2 47.
Rd7+ Kg6 48.Rxb7 Be5 49.a6 Ra2 50.a7 Kf5 51.Re7 Kf6 52.Rh7 Bd4+ 53.Kf1 Ke5
54.Re7+ Kd6 55.Rh7 Kc6 56.Rh2 Rxa7 57.Rh6+ Kb7 58.Ke2 Ra3 0-1

[Event "26th EUR-ch"]
[Site "Katowice POL"]
[Date "2026.04.12"]
[Round "5.49"]
[White "Gharibian, Mamikon"]
[Black "Velikic, Adela"]
[Result "1-0"]
[WhiteElo "2487"]
[BlackElo "2278"]
[EventDate "2026.04.07"]
[PlyCount "77"]

1.e4 c5 2.Nf3 Nc6 3.Bb5 e5 4.O-O Bd6 5.d3 Nf6 6.Nc3 a6 7.Bc4 Be7 8.Ng5 O-O
9.f4 d6 10.a4 exf4 11.Bxf4 Ne5 12.Bxe5 dxe5 13.Kh1 Qd6 14.Qe1 Bd7 15.a5 
Rae8 16.Nf3 Bd8 17.Nd2 Ng4 18.Nf3 Qh6 19.Qc1 Qh5 20.Kg1 Kh8 21.h3 Nh6 22.
Qe3 f5 23.Qxc5 Rf6 24.Nxe5 b6 25.Qd4 Bc8 26.Nd5 fxe4 27.Nxf6 Bxf6 28.Rxf6 
gxf6 29.Nd7 Ng8 30.Nxf6 Qe5 31.Qxe5 Rxe5 32.Nxg8 b5 33.d4 Rg5 34.Ne7 Bxh3 
35.Bf1 Bd7 36.Re1 Rg4 37.Nd5 Kg7 38.b4 e3 39.c3 1-0

[Event "26th EUR-ch"]
[Site "Katowice POL"]
[Date "2026.04.12"]
[Round "5.50"]
[White "Brzezina, Piotr"]
[Black "Deac, Bogdan-Daniel"]
[Result "0-1"]
[WhiteElo "2327"]
[BlackElo "2655"]
[EventDate "2026.04.07"]
[PlyCount "82"]

1.d4 Nf6 2.c4 g6 3.Nc3 Bg7 4.e4 d6 5.h3 Nbd7 6.Be3 e5 7.d5 Nc5 8.Qc2 a5 9.
g4 Nfd7 10.Be2 Nb6 11.Nf3 h5 12.gxh5 Rxh5 13.h4 Bh6 14.Ng5 Bxg5 15.Bxg5 
Qxg5 16.hxg5 Rxh1+ 17.Bf1 Bh3 18.Ke2 Bg4+ 19.Ke1 Ke7 20.Ne2 Rah8 21.Ng3 
Rg1 22.b3 Rh2 23.Qc3 Nbd7 24.Qe3 b6 25.a3 a4 26.b4 Nb3 27.Rb1 Nd4 28.Kd2 
Bf3 29.Kc3 Kf8 30.Bd3 Rgg2 31.Nf1 Rh4 32.Nd2 Rf4 33.Rh1 Kg7 34.Rh3 Bh5 35.
f3 Nf8 36.Bf1 Rxg5 37.Qf2 Nh7 38.Kd3 Nf6 39.Rh4 Nxe4 40.Qh2 Nxf3 41.Nxf3 
Rxf3+ 0-1

[Event "26th EUR-ch"]
[Site "Katowice POL"]
[Date "2026.04.12"]
[Round "5.51"]
[White "Kovalenko, Igor"]
[Black "Czernek, Tymon"]
[Result "1-0"]
[WhiteElo "2685"]
[BlackElo "2401"]
[EventDate "2026.04.07"]
[PlyCount "143"]

1.Nf3 Nf6 2.c4 e6 3.Nc3 d5 4.d4 dxc4 5.e4 Bb4 6.Bxc4 Nxe4 7.O-O Nf6 8.Qa4+
Nc6 9.Bg5 Be7 10.Bxf6 Bxf6 11.d5 exd5 12.Rfe1+ Be6 13.Ba6 bxa6 14.Qxc6+ 
Kf8 15.Rad1 Rb8 16.Qxa6 Rb6 17.Qxa7 g6 18.Qa5 Kg7 19.Na4 Rd6 20.Nd4 Qa8 
21.Qxc7 Qb8 22.Nxe6+ Rxe6 23.Qxb8 Rxb8 24.b3 Rc8 25.Kf1 Rc2 26.Rxd5 Rec6 
27.Red1 Rxa2 28.R5d2 Ra3 29.Rd3 Rc7 30.Rf3 Rb7 31.Nc5 Rb5 32.Ne4 Be7 33.
Rb1 Bb4 34.g3 h6 35.g4 Be7 36.h3 Rb4 37.Ng3 Bf6 38.Kg2 Be5 39.Ne2 Bf6 40.
Nf4 Bg5 41.Nd5 Rb5 42.Nc7 Re5 43.Rd1 Re7 44.Nd5 Re2 45.Kg3 Rb2 46.Rdd3 Ra1
47.h4 Bd8 48.Nf4 Bxh4+ 49.Kxh4 g5+ 50.Kg3 gxf4+ 51.Rxf4 Rg1+ 52.Kh2 Rbb1 
53.b4 Kg6 54.Rd5 Rh1+ 55.Kg2 Rhg1+ 56.Kf3 Rb3+ 57.Ke2 Rb2+ 58.Ke3 Rgb1 59.
Rd6+ Kg5 60.Rdd4 Rb3+ 61.Ke2 h5 62.Rf5+ Kg6 63.Rd6+ Kg7 64.gxh5 Rh3 65.b5 
Kf8 66.Rd7 Ke8 67.Rfxf7 Rxh5 68.Rde7+ Kd8 69.Ra7 Rb2+ 70.Ke3 Ke8 71.Rfb7 
Re5+ 72.Kd4 1-0

[Event "26th EUR-ch"]
[Site "Katowice POL"]
[Date "2026.04.12"]
[Round "5.52"]
[White "Kusa, Jakub"]
[Black "Navara, David"]
[Result "0-1"]
[WhiteElo "2406"]
[BlackElo "2643"]
[EventDate "2026.04.07"]
[PlyCount "68"]

1.d4 Nf6 2.c4 c5 3.Nf3 cxd4 4.Nxd4 e5 5.Nb5 d5 6.cxd5 Bc5 7.e3 O-O 8.Be2 
Nxd5 9.O-O Nc6 10.a3 Be6 11.b4 Be7 12.Bb2 Nb6 13.Nd2 a6 14.Nc3 f5 15.Qc2 
Rc8 16.Rad1 Qe8 17.Qb1 Qf7 18.b5 axb5 19.Nxb5 Na4 20.Ba1 Kh8 21.Kh1 e4 22.
Rc1 Rfd8 23.Nc4 Bf8 24.Qc2 Nc5 25.Ncd6 Rxd6 26.Nxd6 Bxd6 27.Rb1 Nb3 28.Bd1
Ne5 29.Qxc8+ Bxc8 30.Bxb3 Qh5 31.h3 Nd3 32.Bd5 f4 33.Bxe4 Bxh3 34.Kg1 Bxg2
0-1

[Event "26th EUR-ch"]
[Site "Katowice POL"]
[Date "2026.04.12"]
[Round "5.53"]
[White "Cukrowski, Filip"]
[Black "Demchenko, Anton"]
[Result "1-0"]
[WhiteElo "2400"]
[BlackElo "2636"]
[EventDate "2026.04.07"]
[PlyCount "106"]

1.d4 f5 2.c4 e6 3.Nc3 Bb4 4.Bd2 Nf6 5.g3 O-O 6.Bg2 d6 7.Nf3 Bxc3 8.Bxc3 
Ne4 9.Qc2 Qe7 10.O-O Nd7 11.Bb4 Ndf6 12.Nd2 Nxd2 13.Qxd2 Rb8 14.c5 b6 15.
cxd6 cxd6 16.Ba3 Bb7 17.f3 a5 18.Rac1 Ra8 19.Rc2 b5 20.Rfc1 Nd5 21.e4 b4 
22.exd5 Bxd5 23.Bxb4 axb4 24.Rc7 Qf6 25.f4 Bxg2 26.Kxg2 Rfb8 27.b3 h6 28.
R1c2 Kh7 29.R7c4 e5 30.dxe5 dxe5 31.Rc6 Qe7 32.Rc7 Qe8 33.Qd6 Rd8 34.Qxe5 
Qg6 35.R7c5 Rd7 36.Qxf5 Rda7 37.Qxg6+ Kxg6 38.Rc6+ Kf7 39.Rb6 Rxa2 40.Rxa2
Rxa2+ 41.Kh3 Rb2 42.Rxb4 h5 43.Rb6 g6 44.b4 Rf2 45.Kh4 Rxh2+ 46.Kg5 Rg2 
47.Rf6+ Ke7 48.Rxg6 Rxg3+ 49.Kxh5 Rb3 50.Rb6 Rg3 51.b5 Rg1 52.Rb8 Kd6 53.
b6 Kd5 1-0

[Event "26th EUR-ch"]
[Site "Katowice POL"]
[Date "2026.04.12"]
[Round "5.54"]
[White "Sargissian, Gabriel"]
[Black "Turski, Bartlomiej"]
[Result "1-0"]
[WhiteElo "2618"]
[BlackElo "2404"]
[EventDate "2026.04.07"]
[PlyCount "139"]

1.d4 Nf6 2.c4 e6 3.Nf3 b6 4.g3 Ba6 5.Qc2 c5 6.d5 exd5 7.cxd5 Bb7 8.Bg2 
Nxd5 9.O-O Be7 10.Rd1 Nc6 11.a3 Nf6 12.e4 O-O 13.e5 Ne8 14.Nc3 Nc7 15.Be3 
Qe8 16.Ne4 Ne6 17.Rd2 Rd8 18.Rad1 Ba8 19.h4 f5 20.exf6 gxf6 21.Nc3 Qg6 22.
Qa4 f5 23.Nd5 Bd6 24.Bg5 Rde8 25.Nxb6 axb6 26.Rxd6 f4 27.g4 h5 28.gxh5 
Qxh5 29.Rxd7 Nxg5 30.Nxg5 Ne5 31.Bxa8 Nxd7 32.Rxd7 Re1+ 33.Kh2 Qxh4+ 34.
Nh3 Re3 35.Qc4+ Kh8 36.Qf1 Re6 37.Bf3 Rh6 38.Rd3 Rg8 39.Bd5 Rg7 40.Qe1 Re7
41.Qc3+ Kh7 42.Qc2 Kh8 43.Bg2 Re8 44.Qc3+ Qf6 45.Qxf6+ Rxf6 46.Bf3 Re1 47.
Rd2 Kg7 48.Bg4 Rg6 49.f3 Rf6 50.Kg2 b5 51.Bd7 b4 52.axb4 cxb4 53.Nf2 Rb1 
54.Ng4 Rf7 55.Be6 Re7 56.Bf5 Ra1 57.Be4 Rc7 58.Nf2 b3 59.Nh3 Rf7 60.Rd3 
Re1 61.Rxb3 Re2+ 62.Kf1 Rh2 63.Nf2 Rc7 64.Rb7 Rxb7 65.Bxb7 Kf7 66.b4 Ke6 
67.b5 Kd6 68.Nd3 Rh4 69.Bc6 Kc7 70.Ke1 1-0

[Event "26th EUR-ch"]
[Site "Katowice POL"]
[Date "2026.04.12"]
[Round "5.55"]
[White "Maurizzi, Marc`Andria"]
[Black "Salimova, Nurgyul"]
[Result "1-0"]
[WhiteElo "2608"]
[BlackElo "2399"]
[EventDate "2026.04.07"]
[PlyCount "113"]

1.d4 d5 2.c4 e6 3.Nf3 Nf6 4.g3 Bb4+ 5.Nc3 O-O 6.Bg2 dxc4 7.O-O Nc6 8.a3 
Be7 9.e4 Rb8 10.Bf4 a6 11.Re1 Na5 12.Qc2 b5 13.d5 exd5 14.Rad1 Bb7 15.e5 
Nh5 16.Bc1 g6 17.e6 Bc5 18.Bh6 fxe6 19.Ne4 Bb6 20.Bxf8 Qxf8 21.Neg5 Ng7 
22.Nxe6 Nxe6 23.Rxe6 Bc8 24.Ree1 Bf5 25.Qe2 c6 26.Qe5 Nb3 27.Ng5 h6 28.Ne6
Bxf2+ 29.Kh1 Re8 30.Nxf8 Rxe5 31.Rxe5 Kxf8 32.Rf1 Bd4 33.Re6 Kg7 34.Rxc6 
Bxb2 35.Rc7+ Kf6 36.g4 Nd2 37.Rf2 c3 38.gxf5 gxf5 39.Bxd5 Ke5 40.Bg2 Nc4 
41.Rxc4 bxc4 42.a4 Bc1 43.Rc2 Bd2 44.Bf1 Kd4 45.Kg2 Kc5 46.Be2 Kb4 47.Bd1 
a5 48.Ra2 Bc1 49.Ra1 Bd2 50.Kf3 Bg5 51.Bc2 Bd2 52.Bxf5 Kb3 53.Ke2 Bf4 54.
Kd1 Bxh2 55.Bc2+ Kb2 56.Rb1+ Ka3 57.Rb5 1-0

[Event "26th EUR-ch"]
[Site "Katowice POL"]
[Date "2026.04.12"]
[Round "5.56"]
[White "Kanov, Nikola"]
[Black "Muradli, Mahammad"]
[Result "0-1"]
[WhiteElo "2398"]
[BlackElo "2605"]
[EventDate "2026.04.07"]
[PlyCount "104"]

1.e4 c5 2.Nf3 d6 3.d4 cxd4 4.Nxd4 Nf6 5.Nc3 a6 6.Be3 e5 7.Nb3 Be6 8.f3 h5 
9.Nd5 Bxd5 10.exd5 Nbd7 11.Qd2 g6 12.O-O-O Bg7 13.Kb1 Qc7 14.Rg1 Rc8 15.
Rc1 e4 16.h3 Ne5 17.f4 Nc4 18.Bxc4 Qxc4 19.Rgd1 O-O 20.Na5 Qa4 21.c4 Rfe8 
22.c5 Rxc5 23.Bxc5 dxc5 24.Nxb7 e3 25.Qe2 Nxd5 26.Rxd5 Qe4+ 27.Rd3 Qxb7 
28.Rc2 Qe4 29.Rd1 Rb8 30.Qd3 Qxf4 31.Qxa6 Qe5 32.Qe2 c4 33.Ka1 c3 34.b3 
Rb6 35.Kb1 Rf6 36.Re1 Rf2 37.Qd3 Rd2 38.Qxe3 Qxe3 39.Rxe3 Rd1+ 40.Rc1 
Rxc1+ 41.Kxc1 Bh6 42.Kc2 Bxe3 43.Kxc3 Kf8 44.b4 Ke7 45.a4 Kd6 46.Kc4 f5 
47.a5 Bd2 48.a6 Be3 49.Kd3 Bb6 50.Kc4 h4 51.Kb5 Kc7 52.Kc4 Kc6 0-1

[Event "26th EUR-ch"]
[Site "Katowice POL"]
[Date "2026.04.12"]
[Round "5.57"]
[White "Maltsevskaya, Aleksandra"]
[Black "Rodshtein, Maxim"]
[Result "0-1"]
[WhiteElo "2393"]
[BlackElo "2598"]
[EventDate "2026.04.07"]
[PlyCount "94"]

1.e4 c5 2.Nf3 d6 3.d4 cxd4 4.Qxd4 Nc6 5.Bb5 Bd7 6.Bxc6 Bxc6 7.Nc3 h6 8.O-O
e6 9.Re1 Ne7 10.b3 d5 11.Ne5 dxe4 12.Nxc6 Nxc6 13.Qxe4 Bc5 14.Be3 Qa5 15.
Bxc5 Qxc5 16.Na4 Qe7 17.Rad1 O-O 18.c4 Rfd8 19.g3 Qa3 20.Kg2 Qxa2 21.Nc5 
Rxd1 22.Rxd1 Rc8 23.Rd7 Qa3 24.Nxb7 Nb8 25.Rd3 Na6 26.Rd7 Nb8 27.Rd3 Qb4 
28.Nd6 Rf8 29.Nxf7 Kxf7 30.Rf3+ Ke7 31.Qh4+ Ke8 32.Qh5+ Ke7 33.Qh4+ Rf6 
34.Rxf6 gxf6 35.Qxh6 Nd7 36.h4 Qb7+ 37.Kg1 Qxb3 38.h5 Qb1+ 39.Kh2 Kf7 40.
Qe3 Qb6 41.Qd2 Ne5 42.Qc2 f5 43.c5 Qc6 44.Qc3 Nf3+ 45.Kh3 Ng5+ 46.Kh4 Qf3 
47.Qd4 Qe4+ 0-1